000 00254nam a2200085Ia 4500
245 0 _aSharp sharp South Africa : street style
100 _a Suter, Ed Cape Town, South Africa, 2012
_967425
942 _cBK
008 210817s9999 xx 000 0 und d
999 _c273273
_d273272